000 00581cam a22002053a 4500
001 40293
003 PGUSA
005 20140828083912.0
008 120721s2012||||xxu|||||s|||||000 | eng d
040 _aPGUSA
_beng
042 _adc
100 1 _aWilliams, Orlo
245 1 0 _aVie de Bohème :
_bA Patch of Romantic Paris
_h[electronic resource] /
_cOrlo Williams
260 _bProject Gutenberg,
_c2012
506 _aPublic domain in the USA.
516 _aElectronic text
830 0 _aProject Gutenberg
_v40293
856 4 0 _uhttp://www.gutenberg.org/ebooks/40293
942 _cEB
999 _c269546
_d269546